| 000 | 00504nam a22001817a 4500 | ||
|---|---|---|---|
| 005 | 20190812173622.0 | ||
| 008 | 190723b xxu||||| |||| 00| 0 spa d | ||
| 041 | _aspa | ||
| 082 | _aLáminas | ||
| 245 | _aMamíferos de Costa Rica y Centroamérica = Mammals of Costa Rica and Central America | ||
| 260 | _aCosta Rica | ||
| 260 | _bINBIO | ||
| 650 |
_aMATERIAL DIDÁCTICO _912846 |
||
| 650 |
_aCOSTA RICA _955426 |
||
| 650 |
_aMAMÍFEROS _914245 |
||
| 650 |
_aCENTROAMÉRICA _96744 |
||
| 942 | _cMATDID | ||
| 999 |
_c12165 _d12165 |
||